书目信息 |
| 题名: |
微藻污水处理与絮凝采收研究
|
|
| 作者: | 吕俊平 著 | |
| 分册: | ||
| 出版信息: | 北京 海洋出版社 2021.08 |
|
| 页数: | 150页 | |
| 开本: | 24cm | |
| 丛书名: | 藻类资源开发与利用丛书 | |
| 单 册: | ||
| 中图分类: | X703 , TU991.22 | |
| 科图分类: | ||
| 主题词: | 微藻--wei zao--应用--污水处理 , 微藻--wei zao--水絮凝--研究 | |
| 电子资源: | ||
| ISBN: | 978-7-5210-0810-4 | |
| 000 | 01282nam 2200289 450 | |
| 001 | 26668 | |
| 005 | 20220920144756.18 | |
| 010 | @a978-7-5210-0810-4@dCNY68.00 | |
| 100 | @a20211117d2021 em y0chiy50 ea | |
| 101 | 0 | @achi |
| 102 | @aCN@b110000 | |
| 105 | @aa a 000yy | |
| 200 | 1 | @a微藻污水处理与絮凝采收研究@Awei zao wu shui chu li yu xu ning cai shou yan jiu@d= Study on microalgae-based wastewater treatment and flocculation for harvest@f吕俊平著@zeng |
| 210 | @a北京@c海洋出版社@d2021.08 | |
| 215 | @a150页@c图@d24cm | |
| 225 | 2 | @a藻类资源开发与利用丛书@Azao lei zi yuan kai fa yu li yong cong shu |
| 320 | @a有书目 (第133-150页) | |
| 330 | @a本书重点评价了微藻用于处理常见类型污水时的能力 ; 同时, 分析了污水中最为重要的两类物质碳氮对污水处理性能以及藻细胞絮凝采收效率的影响。全书共七章, 主要包括: 微藻污水处理与絮凝采收研究现状、微藻处理水产养殖废水中污染物的特性研究等。 | |
| 410 | 0 | @12001 @a藻类资源开发与利用丛书 |
| 510 | 1 | @aStudy on microalgae-based wastewater treatment and flocculation for harvest@zeng |
| 606 | 0 | @a微藻@Awei zao@x应用@x污水处理 |
| 606 | 0 | @a微藻@Awei zao@x水絮凝@x研究 |
| 690 | @aX703@v5 | |
| 690 | @aTU991.22@v5 | |
| 701 | 0 | @a吕俊平@Alu^ jun ping@4著 |
| 801 | 0 | @aCN@c20220910 |
| 905 | @a河南城建学院图书馆@dX703@eL890@f2 | |
| 微藻污水处理与絮凝采收研究= Study on microalgae-based wastewater treatment and flocculation for harvest/吕俊平著.-北京:海洋出版社,2021.08 |
| 150页:图;24cm.-(藻类资源开发与利用丛书) |
| ISBN 978-7-5210-0810-4:CNY68.00 |
| 本书重点评价了微藻用于处理常见类型污水时的能力 ; 同时, 分析了污水中最为重要的两类物质碳氮对污水处理性能以及藻细胞絮凝采收效率的影响。全书共七章, 主要包括: 微藻污水处理与絮凝采收研究现状、微藻处理水产养殖废水中污染物的特性研究等。 |
| ● |
| 相关链接 |
|
|
|
正题名:微藻污水处理与絮凝采收研究
索取号:X703/L890
 
预约/预借
| 序号 | 登录号 | 条形码 | 馆藏地/架位号 | 状态 | 备注 |
| 1 | 1577997 | 215779977 | 自科库501/501自科库 104排2列3层/ [索取号:X703/L890] | 在馆 | |
| 2 | 1577998 | 215779986 | 自科库501/501自科库 104排2列3层/ [索取号:X703/L890] | 在馆 |